000 00826nam a2200229Ia 4500
005 20150127122942.0
010 _aBAC-EN21 ENG-111902
020 _a9788131522943
_c350.00
020 _a8131522946
_c350.00
035 _aB-586420-458
035 _aEN-95434
037 _bAsian Book Centre/Ven
037 _bDBAD/PUB
082 _a537.1
100 _aSharma, B.M.
245 _aPhysics for joint entrance examination JEE (Advanced) :
_bmagnetism and electromagnetic induction /
_cby B.M. Sharma
260 _c2014
_aDelhi
_bCengage Learning
270 _a418, F.I.E.,Patparganj
_bDelhi
_e110092
300 _c28cm(pbk)
_avarious pagings :
_bill.
942 _cEN
_2ddc
_mSHA
_h537.1
999 _c87961
_d87961